[Event "WCO2014"]
[Site "Tromso"]
[Date "2014.08.05"]
[Round "4.28"]
[WhiteID "10300163"]
[White "Al-Hajiri Bader"]
[BlackID "7000634"]
[Black "Nanjo Ryosuke"]
[Result "0-1"]
[LiveChessVersion "1.4.3"]
[BlackElo "2344"]
[WhiteElo "2123"]

1. e4 {[%clk 1:30:54]} c5 {[%clk 1:30:55]} 2. Nf3 {[%clk 1:31:17]} d6
{[%clk 1:31:22]} 3. d4 {[%clk 1:31:38]} cxd4 {[%clk 1:31:48]} 4. Nxd4
{[%clk 1:31:34]} Nf6 {[%clk 1:32:12]} 5. Nc3 {[%clk 1:31:57]} a6 {[%clk 1:32:37]}
6. Be2 {[%clk 1:32:10]} e6 {[%clk 1:32:51]} 7. O-O {[%clk 1:32:17]} Be7
{[%clk 1:33:17]} 8. f4 {[%clk 1:32:30]} Qc7 {[%clk 1:33:31]} 9. Kh1
{[%clk 1:32:36]} O-O {[%clk 1:33:54]} 10. Qe1 {[%clk 1:32:40]} Nc6
{[%clk 1:28:18]} 11. Be3 {[%clk 1:32:59]} Nxd4 {[%clk 1:26:37]} 12. Bxd4
{[%clk 1:33:21]} Nd7 {[%clk 1:20:32]} 13. Bd3 {[%clk 1:20:05]} b5
{[%clk 1:16:17]} 14. Qg3 {[%clk 1:11:20]} Bf6 {[%clk 1:12:01]} 15. Bxf6
{[%clk 1:11:22]} Nxf6 {[%clk 1:12:26]} 16. e5 {[%clk 1:11:46]} dxe5
{[%clk 1:07:52]} 17. fxe5 {[%clk 1:11:26]} Nd7 {[%clk 1:08:07]} 18. Ne4
{[%clk 1:07:01]} f5 {[%clk 1:04:00]} 19. Nd6 {[%clk 0:46:59]} Bb7
{[%clk 1:00:57]} 20. a4 {[%clk 0:45:21]} b4 {[%clk 0:58:38]} 21. Bc4
{[%clk 0:42:25]} Nc5 {[%clk 0:58:04]} 22. Nxf5 {[%clk 0:41:12]} Kh8
{[%clk 0:56:31]} 23. Nd6 {[%clk 0:40:32]} Ne4 {[%clk 0:56:14]} 24. Nxe4
{[%clk 0:39:39]} Qxc4 {[%clk 0:56:18]} 25. Nf2 {[%clk 0:36:13]} Qxc2
{[%clk 0:52:25]} 26. Rac1 {[%clk 0:36:11]} Qf5 {[%clk 0:51:54]} 27. Kg1
{[%clk 0:33:44]} Rac8 {[%clk 0:50:47]} 28. Rcd1 {[%clk 0:32:54]} Bd5
{[%clk 0:48:54]} 29. Nh3 {[%clk 0:30:04]} Qc2 {[%clk 0:47:55]} 30. Nf4
{[%clk 0:28:38]} Rxf4 {[%clk 0:48:14]} 0-1

[Event "WCO2014"]
[Site "Tromso"]
[Date "2014.08.05"]
[Round "4.27"]
[WhiteID "7000812"]
[White "Kojima Shinya"]
[BlackID "10300074"]
[Black "Maqseed Nasser"]
[Result "1-0"]
[LiveChessVersion "1.4.3"]
[BlackElo "1951"]
[WhiteElo "2373"]

1. Nf3 {[%clk 1:30:50]} Nf6 {[%clk 1:30:44]} 2. c4 {[%clk 1:31:14]} g6
{[%clk 1:31:03]} 3. d4 {[%clk 1:31:37]} Bg7 {[%clk 1:31:24]} 4. g3
{[%clk 1:32:00]} O-O {[%clk 1:31:30]} 5. Bg2 {[%clk 1:32:26]} d6 {[%clk 1:31:30]}
6. O-O {[%clk 1:32:47]} Nc6 {[%clk 1:31:08]} 7. Nc3 {[%clk 1:33:11]} a6
{[%clk 1:31:00]} 8. h3 {[%clk 1:33:06]} Rb8 {[%clk 1:30:14]} 9. e4
{[%clk 1:32:56]} e5 {[%clk 1:22:07]} 10. Be3 {[%clk 1:26:04]} Bd7
{[%clk 1:06:00]} 11. dxe5 {[%clk 1:20:18]} dxe5 {[%clk 1:04:30]} 12. Rc1
{[%clk 1:07:29]} Qc8 {[%clk 0:58:48]} 13. Kh2 {[%clk 1:05:21]} Be6
{[%clk 0:54:16]} 14. Qa4 {[%clk 0:59:13]} Bd7 {[%clk 0:49:12]} 15. Qc2
{[%clk 0:49:34]} Re8 {[%clk 0:44:32]} 16. Rfd1 {[%clk 0:47:55]} h6
{[%clk 0:41:16]} 17. Nd5 {[%clk 0:45:28]} Kh7 {[%clk 0:40:50]} 18. b4
{[%clk 0:34:57]} Nd8 {[%clk 0:19:56]} 19. a4 {[%clk 0:27:41]} Nxd5
{[%clk 0:16:43]} 20. cxd5 {[%clk 0:26:52]} c6 {[%clk 0:16:05]} 21. b5
{[%clk 0:22:20]} axb5 {[%clk 0:12:57]} 22. axb5 {[%clk 0:22:37]} Ra8
{[%clk 0:12:32]} 23. Qd3 {[%clk 0:19:15]} Rf8 {[%clk 0:05:20]} 24. dxc6
{[%clk 0:13:43]} Be8 {[%clk 0:05:36]} 25. c7 {[%clk 0:04:26]} Ne6
{[%clk 0:06:03]} 26. b6 {[%clk 0:04:17]} Bc6 {[%clk 0:06:02]} 27. Nd2
{[%clk 0:03:19]} Ra4 {[%clk 0:05:51]} 28. Nc4 {[%clk 0:02:58]} Nxc7
{[%clk 0:04:42]} 29. bxc7 {[%clk 0:01:41]} Qxc7 {[%clk 0:05:10]} 30. Nb6
{[%clk 0:01:42]} Ra2 {[%clk 0:04:19]} 31. Qb3 {[%clk 0:01:47]} Ra5
{[%clk 0:03:53]} 32. Nd7 {[%clk 0:01:37]} Rfa8 {[%clk 0:02:57]} 33. Qxf7
{[%clk 0:01:23]} 1-0

[Event "WCO2014"]
[Site "Tromso"]
[Date "2014.08.05"]
[Round "4.26"]
[WhiteID "10300082"]
[White "Shehab Ibrahim"]
[BlackID "2028255"]
[Black "Averbukh Alex"]
[Result "0-1"]
[LiveChessVersion "1.4.3"]
[BlackElo "2183"]
[WhiteElo "2036"]

1. d4 {[%clk 1:30:57]} b6 {[%clk 1:30:53]} 2. c4 {[%clk 1:30:22]} e6
{[%clk 1:31:17]} 3. Nc3 {[%clk 1:30:33]} Bb7 {[%clk 1:31:41]} 4. Bf4
{[%clk 1:27:03]} Bb4 {[%clk 1:30:11]} 5. f3 {[%clk 1:23:50]} f5 {[%clk 1:29:43]}
6. e3 {[%clk 1:23:34]} Nf6 {[%clk 1:29:06]} 7. Bd3 {[%clk 1:23:19]} Nh5
{[%clk 1:27:30]} 8. Bg3 {[%clk 1:17:26]} Nxg3 {[%clk 1:27:06]} 9. hxg3
{[%clk 1:17:48]} Qg5 {[%clk 1:24:15]} 10. Kf2 {[%clk 1:17:14]} a6
{[%clk 1:21:49]} 11. Nh3 {[%clk 1:16:07]} Qf6 {[%clk 1:21:35]} 12. Nf4
{[%clk 1:11:51]} Nc6 {[%clk 1:20:46]} 13. Nh5 {[%clk 1:07:54]} Qf7
{[%clk 1:20:44]} 14. d5 {[%clk 1:03:10]} Ne5 {[%clk 1:17:37]} 15. Be2
{[%clk 0:57:30]} Bc5 {[%clk 1:10:08]} 16. f4 {[%clk 0:50:41]} Ng6
{[%clk 1:09:22]} 17. b4 {[%clk 0:44:16]} Bd6 {[%clk 1:03:36]} 18. Qb3
{[%clk 0:38:01]} O-O {[%clk 0:51:45]} 19. c5 {[%clk 0:33:11]} Be7
{[%clk 0:51:29]} 20. dxe6 {[%clk 0:31:40]} dxe6 {[%clk 0:51:50]} 21. Bc4
{[%clk 0:30:21]} Bc8 {[%clk 0:51:43]} 22. cxb6 {[%clk 0:28:20]} cxb6
{[%clk 0:52:01]} 23. a4 {[%clk 0:27:29]} Re8 {[%clk 0:51:43]} 24. Ne2
{[%clk 0:27:32]} Nf8 {[%clk 0:50:39]} 25. Nd4 {[%clk 0:26:50]} g6
{[%clk 0:47:43]} 26. g4 {[%clk 0:21:13]} fxg4 {[%clk 0:46:42]} 27. Ng3
{[%clk 0:21:04]} Bf6 {[%clk 0:46:42]} 28. Rad1 {[%clk 0:20:18]} Kh8
{[%clk 0:46:16]} 29. Ne4 {[%clk 0:19:13]} Qg7 {[%clk 0:43:02]} 30. Nd6
{[%clk 0:16:19]} Re7 {[%clk 0:41:27]} 31. Nxc8 {[%clk 0:14:58]} Rxc8
{[%clk 0:41:42]} 32. Bxa6 {[%clk 0:15:01]} Ra8 {[%clk 0:41:46]} 33. Bc4
{[%clk 0:14:48]} e5 {[%clk 0:39:44]} 34. Nc6 {[%clk 0:14:26]} g3+
{[%clk 0:37:54]} 35. Kxg3 {[%clk 0:12:25]} Rc7 {[%clk 0:37:22]} 36. b5
{[%clk 0:12:01]} Nd7 {[%clk 0:36:51]} 37. Rd5 {[%clk 0:06:21]} Nc5
{[%clk 0:35:02]} 38. Rxc5 {[%clk 0:06:08]} bxc5 {[%clk 0:35:22]} 39. Bd5
{[%clk 0:05:55]} exf4+ {[%clk 0:34:15]} 40. exf4 {[%clk 0:04:21]} g5
{[%clk 0:34:04]} 41. f5 {[%clk 0:02:29]} Rxc6 {[%clk 0:28:43]} 42. Bxc6
{[%clk 0:01:47]} Qc7+ {[%clk 0:28:56]} 43. Kg4 {[%clk 0:19:23]} Qf4+
{[%clk 0:59:20]} 44. Kh5 {[%clk 0:13:50]} Qg4+ {[%clk 0:59:35]} 45. Kxg4 0-1

[Event "WCO2014"]
[Site "Tromso"]
[Date "2014.08.05"]
[Round "4.25"]
[WhiteID "7001886"]
[White "Mitsuya Naoto"]
[BlackID "10300058"]
[Black "Al Khateeb Taher"]
[Result "1-0"]
[LiveChessVersion "1.4.3"]
[BlackElo "1972"]
[WhiteElo "2024"]

1. d4 {[%clk 1:30:54]} Nf6 {[%clk 1:30:56]} 2. c4 {[%clk 1:31:16]} e5
{[%clk 1:31:21]} 3. dxe5 {[%clk 1:31:27]} Ng4 {[%clk 1:31:46]} 4. Nf3
{[%clk 1:31:09]} Nc6 {[%clk 1:30:13]} 5. Bf4 {[%clk 1:27:01]} Bb4+
{[%clk 1:30:30]} 6. Nbd2 {[%clk 1:26:48]} Qe7 {[%clk 1:30:26]} 7. e3
{[%clk 1:25:29]} Ngxe5 {[%clk 1:30:08]} 8. Nxe5 {[%clk 1:25:30]} Nxe5
{[%clk 1:30:23]} 9. Be2 {[%clk 1:24:32]} a5 {[%clk 1:19:26]} 10. O-O
{[%clk 1:18:53]} d6 {[%clk 1:16:25]} 11. a3 {[%clk 1:08:31]} Bc5 {[%clk 1:14:34]}
12. Nf3 {[%clk 1:00:16]} O-O {[%clk 1:10:07]} 13. Qc2 {[%clk 0:53:39]} h6
{[%clk 1:00:01]} 14. Rad1 {[%clk 0:50:44]} Ng6 {[%clk 0:48:18]} 15. Bg3
{[%clk 0:49:17]} f5 {[%clk 0:39:05]} 16. Rfe1 {[%clk 0:40:38]} Qf6
{[%clk 0:38:46]} 17. Bf1 {[%clk 0:37:22]} Bd7 {[%clk 0:35:31]} 18. Qd2
{[%clk 0:30:51]} Bc6 {[%clk 0:32:13]} 19. Be2 {[%clk 0:24:08]} a4
{[%clk 0:25:04]} 20. Nd4 {[%clk 0:23:43]} Bxd4 {[%clk 0:23:27]} 21. Qxd4
{[%clk 0:23:51]} f4 {[%clk 0:21:13]} 22. exf4 {[%clk 0:23:16]} Nxf4
{[%clk 0:21:02]} 23. Bf1 {[%clk 0:22:26]} Rae8 {[%clk 0:15:24]} 24. Qxf6
{[%clk 0:21:45]} Rxf6 {[%clk 0:15:44]} 25. Rxe8+ {[%clk 0:21:21]} Bxe8
{[%clk 0:16:12]} 26. Re1 {[%clk 0:18:46]} Kf8 {[%clk 0:15:01]} 27. f3
{[%clk 0:15:50]} b6 {[%clk 0:11:37]} 28. Bf2 {[%clk 0:15:33]} Re6
{[%clk 0:10:30]} 29. Rxe6 {[%clk 0:15:21]} Nxe6 {[%clk 0:10:59]} 30. Be3
{[%clk 0:14:10]} Ke7 {[%clk 0:08:30]} 31. Kf2 {[%clk 0:14:24]} Nc5
{[%clk 0:05:26]} 32. Ke2 {[%clk 0:13:56]} c6 {[%clk 0:02:04]} 33. Kd2
{[%clk 0:13:21]} b5 {[%clk 0:01:04]} 34. cxb5 {[%clk 0:13:29]} cxb5
{[%clk 0:01:33]} 35. Kc3 {[%clk 0:13:32]} Na6 {[%clk 0:01:05]} 36. Bd3
{[%clk 0:10:10]} d5 {[%clk 0:00:41]} 37. Kd4 {[%clk 0:06:48]} Kd6
{[%clk 0:01:04]} 38. Bf4+ {[%clk 0:06:37]} Kc6 {[%clk 0:01:30]} 39. Kc3
{[%clk 0:05:56]} Nc5 {[%clk 0:00:45]} 40. Bc2 {[%clk 0:05:53]} d4+
{[%clk 0:00:40]} 41. Kxd4 {[%clk 0:04:12]} Ne6+ {[%clk 0:01:00]} 42. Ke5
{[%clk 0:04:11]} Nxf4 {[%clk 0:01:27]} 43. Kxf4 {[%clk 0:04:32]} Kc5
{[%clk 0:01:43]} 44. Ke3 {[%clk 0:04:14]} Kc4 {[%clk 0:21:46]} 45. f4
{[%clk 0:33:53]} g6 {[%clk 0:19:08]} 46. Kd2 {[%clk 0:30:40]} Kd4
{[%clk 0:17:42]} 47. Bd3 {[%clk 0:30:01]} Kc5 {[%clk 0:10:09]} 48. Kc3
{[%clk 0:29:45]} Bf7 {[%clk 0:10:28]} 49. Be4 {[%clk 0:28:24]} g5
{[%clk 0:09:24]} 50. f5 {[%clk 0:26:18]} h5 {[%clk 0:09:13]} 51. Bb7
{[%clk 0:24:38]} h4 {[%clk 0:08:32]} 52. Bc8 {[%clk 0:19:44]} Bd5
{[%clk 0:05:13]} 53. g3 {[%clk 0:19:06]} hxg3 {[%clk 0:05:37]} 54. hxg3
{[%clk 0:19:31]} Kd6 {[%clk 0:05:19]} 55. Kd4 {[%clk 0:18:53]} Bc4
{[%clk 0:04:08]} 56. Bb7 {[%clk 0:18:09]} Be2 {[%clk 0:04:04]} 57. Be4
{[%clk 0:18:15]} g4 {[%clk 0:03:36]} 58. Bd5 {[%clk 0:17:57]} Bd1
{[%clk 0:03:04]} 59. f6 {[%clk 0:17:47]} Be2 {[%clk 0:02:32]} 60. f7
{[%clk 0:17:47]} Ke7 {[%clk 0:02:54]} 61. Ke5 {[%clk 0:17:53]} Bf3
{[%clk 0:01:56]} 62. Ba2 {[%clk 0:17:12]} Bd1 {[%clk 0:01:41]} 63. Kf5
{[%clk 0:17:01]} Be2 {[%clk 0:00:51]} 64. Kg6 {[%clk 0:17:20]} Kf8
{[%clk 0:01:18]} 65. Be6 {[%clk 0:17:37]} Bc4 {[%clk 0:00:38]} 66. Kf6
{[%clk 0:17:26]} Be2 {[%clk 0:00:49]} 67. Bd7 {[%clk 0:17:12]} Bc4
{[%clk 0:01:12]} 68. Bxg4 {[%clk 0:16:58]} Bxf7 {[%clk 0:01:33]} 69. Bd7
{[%clk 0:17:18]} Bc4 {[%clk 0:01:16]} 70. g4 {[%clk 0:17:40]} Bb3
{[%clk 0:01:12]} 71. g5 {[%clk 0:18:00]} Bc4 {[%clk 0:01:21]} 72. g6
{[%clk 0:18:26]} Kg8 {[%clk 0:00:52]} 73. Be8 {[%clk 0:18:02]} Bb3
{[%clk 0:00:44]} 74. Bf7+ {[%clk 0:18:23]} Bxf7 {[%clk 0:01:04]} 75. gxf7+
{[%clk 0:18:48]} 1-0

[Event "WCO2014"]
[Site "Tromso"]
[Date "2014.08.05"]
[Round "4.48"]
[WhiteID "3101126"]
[White "Machin Rivera Mark"]
[BlackID "31000053"]
[Black "Manuel Enofre Efren D."]
[Result "1-0"]
[LiveChessVersion "1.4.3"]
[BlackElo "1950"]
[WhiteElo "2341"]

1. c4 {[%clk 1:30:57]} Nf6 {[%clk 1:30:48]} 2. g3 {[%clk 1:31:16]} c5
{[%clk 1:30:49]} 3. Bg2 {[%clk 1:31:39]} e6 {[%clk 1:31:06]} 4. Nf3
{[%clk 1:31:04]} Nc6 {[%clk 1:31:20]} 5. O-O {[%clk 1:30:50]} Be7
{[%clk 1:31:41]} 6. d4 {[%clk 1:29:55]} cxd4 {[%clk 1:26:36]} 7. Nxd4
{[%clk 1:30:18]} a6 {[%clk 1:26:06]} 8. Nc3 {[%clk 1:28:27]} O-O {[%clk 1:25:33]}
9. e4 {[%clk 1:28:30]} Qc7 {[%clk 1:22:59]} 10. b3 {[%clk 1:21:22]} d6
{[%clk 1:16:01]} 11. Be3 {[%clk 1:20:37]} Bd7 {[%clk 1:14:02]} 12. Rc1
{[%clk 1:20:00]} Rac8 {[%clk 1:08:33]} 13. Nxc6 {[%clk 1:00:23]} Bxc6
{[%clk 1:08:33]} 14. Nd5 {[%clk 0:57:15]} exd5 {[%clk 0:50:39]} 15. cxd5
{[%clk 0:57:33]} Qa5 {[%clk 0:46:52]} 16. dxc6 {[%clk 0:57:55]} Rxc6
{[%clk 0:46:00]} 17. Rxc6 {[%clk 0:55:18]} bxc6 {[%clk 0:45:58]} 18. Qc2
{[%clk 0:53:13]} c5 {[%clk 0:39:21]} 19. Rd1 {[%clk 0:50:51]} Ng4
{[%clk 0:34:11]} 20. Bd2 {[%clk 0:50:14]} Qb6 {[%clk 0:34:08]} 21. h3
{[%clk 0:50:36]} Ne5 {[%clk 0:34:24]} 22. Be3 {[%clk 0:43:37]} Rd8
{[%clk 0:32:20]} 23. f4 {[%clk 0:25:03]} Nc6 {[%clk 0:31:27]} 24. Bf1
{[%clk 0:24:35]} Nb4 {[%clk 0:22:17]} 25. Qe2 {[%clk 0:19:26]} a5
{[%clk 0:20:06]} 26. a3 {[%clk 0:14:05]} Nc6 {[%clk 0:20:32]} 27. Qb5
{[%clk 0:14:24]} Qc7 {[%clk 0:16:31]} 28. Qc4 {[%clk 0:13:30]} Bf6
{[%clk 0:10:05]} 29. Kg2 {[%clk 0:09:51]} g6 {[%clk 0:07:48]} 30. Rd2
{[%clk 0:08:54]} Qb8 {[%clk 0:06:57]} 31. Qa4 {[%clk 0:08:26]} Bd4
{[%clk 0:06:30]} 32. Qxc6 {[%clk 0:05:58]} Bxe3 {[%clk 0:06:57]} 33. Rd3
{[%clk 0:06:21]} Bd4 {[%clk 0:07:10]} 34. Qd5 {[%clk 0:06:03]} a4
{[%clk 0:06:54]} 35. b4 {[%clk 0:05:32]} Qa8 {[%clk 0:04:44]} 36. Qxa8
{[%clk 0:03:56]} Rxa8 {[%clk 0:05:13]} 37. b5 {[%clk 0:03:59]} Kf8
{[%clk 0:05:04]} 38. Rd2 {[%clk 0:03:22]} Rb8 {[%clk 0:04:47]} 39. Bc4
{[%clk 0:03:31]} Ke7 {[%clk 0:04:40]} 40. Rd1 {[%clk 0:02:28]} f6
{[%clk 0:03:40]} 41. Rb1 {[%clk 0:01:30]} Rb6 {[%clk 0:03:43]} 42. Be2
{[%clk 0:00:40]} f5 {[%clk 0:03:09]} 43. Kf3 {[%clk 0:00:32]} Kf6
{[%clk 0:00:36]} 44. Bd1 {[%clk 0:25:08]} fxe4+ {[%clk 0:31:16]} 45. Kxe4
{[%clk 0:25:25]} Bf2 {[%clk 0:29:07]} 46. g4 {[%clk 0:25:46]} c4 {[%clk 0:25:38]}
47. Bxa4 {[%clk 0:21:31]} Bc5 {[%clk 0:22:39]} 48. Rc1 {[%clk 0:17:06]} Bxa3
{[%clk 0:20:35]} 49. Rxc4 {[%clk 0:17:33]} Bc5 {[%clk 0:20:59]} 50. Kd5
{[%clk 0:17:52]} Kf7 {[%clk 0:16:54]} 51. Rxc5 {[%clk 0:17:03]} dxc5
{[%clk 0:16:24]} 52. Kxc5 {[%clk 0:17:29]} Rb8 {[%clk 0:16:27]} 53. Kd6
{[%clk 0:12:57]} Rd8+ {[%clk 0:16:04]} 54. Kc7 {[%clk 0:11:34]} Rd4
{[%clk 0:15:29]} 55. Bb3+ Kf6 56. Bg8 {[%clk 0:05:04]} h5 {[%clk 0:12:18]} 57. b6
{[%clk 0:05:25]} Rxf4 {[%clk 0:11:53]} 58. b7 {[%clk 0:05:52]} Rb4
{[%clk 0:12:13]} 59. b8=Q {[%clk 0:07:15]} Rxb8 {[%clk 0:12:41]} 60. Kxb8
{[%clk 0:07:39]} Kg5 {[%clk 0:12:49]} 61. Be6 {[%clk 0:07:57]} Kh4
{[%clk 0:10:05]} 62. Kc7 {[%clk 0:08:21]} Kg3 {[%clk 0:10:33]} 63. Kd6
{[%clk 0:08:42]} h4 {[%clk 0:08:14]} 64. Ke5 {[%clk 0:09:02]} Kxh3
{[%clk 0:02:32]} 65. g5+ {[%clk 0:09:24]} 1-0

[Event "WCO2014"]
[Site "Tromso"]
[Date "2014.08.05"]
[Round "4.47"]
[WhiteID "31000142"]
[White "Soriano Rudolph P."]
[BlackID "3100260"]
[Black "Montalvo Rosario Alejandro"]
[Result "1-0"]
[LiveChessVersion "1.4.3"]
[BlackElo "2296"]
[WhiteElo "1802"]

1. Nf3 {[%clk 1:30:44]} d5 {[%clk 1:30:27]} 2. b3 {[%clk 1:30:53]} Nf6
{[%clk 1:29:06]} 3. Bb2 {[%clk 1:31:05]} g6 {[%clk 1:28:45]} 4. e3
{[%clk 1:30:56]} Bg7 {[%clk 1:29:07]} 5. d3 {[%clk 1:31:04]} O-O {[%clk 1:29:25]}
6. Be2 {[%clk 1:30:45]} b6 {[%clk 1:28:18]} 7. Nbd2 {[%clk 1:30:38]} Bb7
{[%clk 1:28:39]} 8. a3 {[%clk 1:30:00]} c5 {[%clk 1:26:56]} 9. O-O
{[%clk 1:30:01]} Nc6 {[%clk 1:25:28]} 10. Rb1 {[%clk 1:29:17]} Qc7
{[%clk 1:24:45]} 11. Re1 {[%clk 1:29:12]} e5 {[%clk 1:21:16]} 12. Nf1
{[%clk 1:28:30]} e4 {[%clk 1:19:24]} 13. N3d2 {[%clk 1:23:32]} Rad8
{[%clk 1:17:24]} 14. Ng3 {[%clk 1:23:41]} Rfe8 {[%clk 1:17:08]} 15. Qc1
{[%clk 1:23:31]} Ne5 {[%clk 1:16:54]} 16. dxe4 {[%clk 1:19:55]} dxe4
{[%clk 1:09:28]} 17. Bb5 {[%clk 1:16:25]} Re7 {[%clk 1:07:54]} 18. Ndf1
{[%clk 1:15:45]} h5 {[%clk 1:06:07]} 19. h3 {[%clk 1:15:06]} h4 {[%clk 1:05:07]}
20. Nh1 {[%clk 1:14:39]} a6 {[%clk 1:03:27]} 21. Be2 {[%clk 1:14:51]} Nf3+
{[%clk 1:00:53]} 22. Bxf3 {[%clk 1:11:08]} exf3 {[%clk 1:01:08]} 23. g3
{[%clk 1:11:20]} Qc8 {[%clk 0:58:12]} 24. Kh2 {[%clk 1:10:20]} Ng4+
{[%clk 0:54:39]} 25. Kg1 {[%clk 1:05:30]} Nxe3 {[%clk 0:54:48]} 26. g4 Re4
{[%clk 0:35:52]} 27. Nxe3 {[%clk 0:57:38]} Bh6 {[%clk 0:35:38]} 28. Kh2
{[%clk 0:46:45]} Bf4+ {[%clk 0:34:28]} 29. Kg1 {[%clk 0:46:02]} Bxe3
{[%clk 0:28:44]} 30. Qxe3 {[%clk 0:41:35]} Rxg4+ {[%clk 0:27:37]} 31. hxg4
{[%clk 0:42:00]} Qxg4+ {[%clk 0:23:59]} 32. Ng3 {[%clk 0:41:54]} Rd4
{[%clk 0:18:44]} 33. Qe8+ Kg7 {[%clk 0:18:49]} 34. Bxd4+ {[%clk 0:28:46]} cxd4
{[%clk 0:18:55]} 35. Re7 {[%clk 0:21:38]} Bd5 {[%clk 0:18:53]} 36. Qd7
{[%clk 0:21:51]} Qg5 {[%clk 0:18:14]} 37. Rxf7+ {[%clk 0:15:42]} Bxf7
{[%clk 0:18:27]} 38. Qxd4+ {[%clk 0:15:48]} Kh7 {[%clk 0:17:45]} 39. Qd7
{[%clk 0:14:48]} Kg7 {[%clk 0:15:42]} 40. Qh3 {[%clk 0:13:17]} hxg3
{[%clk 0:13:17]} 41. Qxg3 {[%clk 0:13:25]} Qf5 {[%clk 0:11:02]} 42. Re1
{[%clk 0:13:16]} Qxc2 {[%clk 0:09:26]} 43. Qxf3 {[%clk 0:13:22]} Qd2
{[%clk 0:06:42]} 44. Qe3 {[%clk 0:13:03]} Qd7 {[%clk 0:06:31]} 45. Qe5+
{[%clk 0:13:16]} Kg8 {[%clk 0:04:36]} 46. Re3 {[%clk 0:13:28]} Qd1+
{[%clk 0:00:57]} 47. Kh2 {[%clk 0:13:21]} Bxb3 {[%clk 0:28:36]} 48. Qe8+
{[%clk 0:40:27]} Kg7 {[%clk 0:28:43]} 49. Re7+ {[%clk 0:40:38]} Kf6
{[%clk 0:25:09]} 50. Qf8+ {[%clk 0:40:45]} Kg5 {[%clk 0:24:12]} 51. Re5+
{[%clk 0:40:52]} Kg4 {[%clk 0:22:40]} 52. Re4+ {[%clk 0:40:44]} Kg5
{[%clk 0:22:48]} 53. Qf4+ {[%clk 0:40:56]} 1-0

[Event "WCO2014"]
[Site "Tromso"]
[Date "2014.08.05"]
[Round "4.46"]
[WhiteID "3100090"]
[White "Santana Otero Orlando"]
[BlackID "31000118"]
[Black "Orio Rogelio L."]
[Result "1-0"]
[LiveChessVersion "1.4.3"]
[BlackElo "1755"]
[WhiteElo "2125"]

1. e4 {[%clk 1:30:58]} d6 {[%clk 1:30:21]} 2. d4 {[%clk 1:30:20]} Nf6
{[%clk 1:30:03]} 3. Nc3 {[%clk 1:30:39]} c6 {[%clk 1:29:20]} 4. a4
{[%clk 1:30:42]} a5 {[%clk 1:28:17]} 5. h3 {[%clk 1:28:06]} Na6 6. Be3
{[%clk 1:28:24]} Nb4 {[%clk 1:28:23]} 7. Nf3 {[%clk 1:26:01]} g6 {[%clk 1:28:28]}
8. Be2 {[%clk 1:21:38]} Bg7 {[%clk 1:28:46]} 9. O-O {[%clk 1:21:47]} Qc7
{[%clk 1:27:31]} 10. Qc1 {[%clk 1:21:23]} h6 {[%clk 1:26:12]} 11. Nd2
{[%clk 1:21:10]} Bd7 {[%clk 1:23:22]} 12. Ncb1 {[%clk 1:15:59]} c5
{[%clk 1:17:42]} 13. d5 {[%clk 1:12:24]} O-O {[%clk 1:14:53]} 14. c3
{[%clk 1:12:37]} Na6 {[%clk 1:14:55]} 15. Bd3 {[%clk 0:53:17]} e5
{[%clk 1:13:23]} 16. Nc4 {[%clk 0:50:22]} Kh7 {[%clk 1:11:30]} 17. f4
{[%clk 0:47:53]} Ne8 {[%clk 1:01:47]} 18. Nbd2 {[%clk 0:46:17]} f5
{[%clk 1:00:33]} 19. fxe5 {[%clk 0:46:21]} dxe5 {[%clk 1:00:05]} 20. exf5
{[%clk 0:44:44]} gxf5 {[%clk 0:59:52]} 21. Qe1 {[%clk 0:42:56]} Nd6
{[%clk 0:55:33]} 22. Qh4 {[%clk 0:37:13]} Nxc4 {[%clk 0:52:58]} 23. Nxc4
{[%clk 0:36:21]} e4 {[%clk 0:52:48]} 24. Bc2 {[%clk 0:34:17]} Rf6
{[%clk 0:52:07]} 25. Bf4 {[%clk 0:33:56]} Qd8 {[%clk 0:52:06]} 26. Bg5
{[%clk 0:34:18]} Nc7 {[%clk 0:49:51]} 27. Ne3 {[%clk 0:32:00]} Raa6
{[%clk 0:45:24]} 28. Nxf5 {[%clk 0:30:29]} Kg8 {[%clk 0:40:13]} 29. Bxf6
{[%clk 0:30:46]} Rxf6 {[%clk 0:39:04]} 30. Nxh6+ {[%clk 0:29:58]} Kf8
{[%clk 0:38:22]} 31. Rxf6+ {[%clk 0:30:12]} Bxf6 {[%clk 0:38:30]} 32. Rf1
{[%clk 0:29:29]} Kg7 {[%clk 0:37:53]} 33. Qxe4 {[%clk 0:29:19]} Be8
{[%clk 0:23:33]} 34. Qh7+ {[%clk 0:29:23]} Kf8 {[%clk 0:23:45]} 35. Qh8+
{[%clk 0:29:43]} Ke7 {[%clk 0:17:13]} 36. Qxf6+ {[%clk 0:27:49]} Kd7
{[%clk 0:14:48]} 37. Bf5+ {[%clk 0:28:10]} Ne6 {[%clk 0:13:21]} 38. Bxe6+
{[%clk 0:28:32]} Kc7 {[%clk 0:11:43]} 39. Qxd8+ {[%clk 0:28:53]} Kxd8
{[%clk 0:11:58]} 40. d6 {[%clk 0:29:18]} b5 {[%clk 0:09:11]} 41. Rf8
{[%clk 0:29:39]} 1-0

[Event "WCO2014"]
[Site "Tromso"]
[Date "2014.08.05"]
[Round "4.21"]
[WhiteID "13100025"]
[White "Ranaivoharisoa Alain"]
[BlackID "21501564"]
[Black "Masrhi Abdulrahman A"]
[Result "1-0"]
[LiveChessVersion "1.4.3"]
[BlackElo "1746"]
[WhiteElo "2183"]

1. e4 {[%clk 1:30:50]} c5 {[%clk 1:30:00]} 2. Nc3 {[%clk 1:30:06]} a6
{[%clk 1:29:27]} 3. g3 {[%clk 1:27:22]} Nc6 {[%clk 1:26:07]} 4. Bg2
{[%clk 1:25:09]} d6 {[%clk 1:24:15]} 5. Nge2 {[%clk 1:22:10]} e5 {[%clk 1:20:55]}
6. d3 {[%clk 1:18:41]} Bg4 {[%clk 1:16:06]} 7. h3 {[%clk 1:14:47]} Bxe2
{[%clk 1:12:58]} 8. Nxe2 {[%clk 1:14:58]} g6 {[%clk 1:12:27]} 9. O-O
{[%clk 1:12:15]} Bg7 {[%clk 1:11:44]} 10. f4 {[%clk 1:08:11]} Qd7
{[%clk 1:02:33]} 11. c3 {[%clk 1:04:19]} Nge7 {[%clk 0:59:45]} 12. Be3
{[%clk 1:01:59]} O-O {[%clk 0:32:40]} 13. d4 {[%clk 0:55:23]} exd4
{[%clk 0:27:04]} 14. cxd4 {[%clk 0:55:33]} cxd4 {[%clk 0:26:03]} 15. Nxd4
{[%clk 0:55:07]} d5 {[%clk 0:26:03]} 16. e5 {[%clk 0:29:07]} Rfd8
{[%clk 0:20:26]} 17. Qd2 {[%clk 0:22:01]} Rac8 {[%clk 0:17:41]} 18. Rfd1
{[%clk 0:19:59]} Nxd4 {[%clk 0:15:05]} 19. Bxd4 {[%clk 0:19:24]} Rc6
{[%clk 0:14:12]} 20. g4 {[%clk 0:16:02]} Rdc8 {[%clk 0:14:01]} 21. Bc3
{[%clk 0:15:08]} Rd8 {[%clk 0:13:01]} 22. Qe2 {[%clk 0:12:13]} Qe6
{[%clk 0:11:58]} 23. Rd2 {[%clk 0:09:59]} Bh6 {[%clk 0:11:17]} 24. Rf1
{[%clk 0:08:56]} Rdc8 {[%clk 0:08:52]} 25. Rdd1 {[%clk 0:07:43]} Rc4
{[%clk 0:07:43]} 26. f5 {[%clk 0:01:23]} gxf5 {[%clk 0:07:37]} 27. gxf5
{[%clk 0:01:39]} Nxf5 {[%clk 0:07:38]} 28. Rd3 {[%clk 0:00:40]} Kh8
{[%clk 0:07:40]} 29. Qf3 {[%clk 0:00:39]} Rf4 {[%clk 0:03:44]} 30. Qxd5
{[%clk 0:00:43]} Qb6+ {[%clk 0:02:15]} 31. Kh1 {[%clk 0:00:39]} Rxf1+
{[%clk 0:01:25]} 32. Bxf1 {[%clk 0:01:00]} Qf2 {[%clk 0:01:17]} 33. Qg2
{[%clk 0:00:34]} Bg7 {[%clk 0:00:33]} 1-0